| 000 | 00540nmm a2200157Ia 4500 | ||
|---|---|---|---|
| 008 | 251105s9999||||xx |||||||||||||||||und|| | ||
| 020 | _a9788495839442 | ||
| 041 | _aspa | ||
| 100 | _aBendazzi, Giannalberto | ||
| 245 | 0 |
_aCartoons: 110 años de cine de animación : _b con la colaboración de Emilio de la Rosa en el capítulo de la animación española |
|
| 264 |
_a[Madrid, España] : _bOcho y Medio, _c2003 |
||
| 300 | _a560 páginas | ||
| 650 | _aFilm studies | ||
| 856 | _uhttps://public.digitaliapublishing.com/a/327 | ||
| 942 | _cCF | ||
| 999 |
_c89658 _d89658 |
||